书目信息 |
| 题名: |
蜂产品养生
|
|
| 作者: | 黄承武 , 秦成功 , 程林兵 主编 | |
| 分册: | ||
| 出版信息: | 北京 金盾出版社 2017.09 |
|
| 页数: | 272页 | |
| 开本: | 21cm | |
| 丛书名: | ||
| 单 册: | ||
| 中图分类: | S896 | |
| 科图分类: | ||
| 主题词: | 蜂产品--基本知识 | |
| 电子资源: | ||
| ISBN: | 978-7-5186-1319-9 | |
| 000 | 00921nam0 2200241 450 | |
| 001 | 5591 | |
| 005 | 20181016134306.36 | |
| 010 | @a978-7-5186-1319-9@dCNY27.00 | |
| 100 | @a20180217d2017 em y0chiy50 ea | |
| 101 | 0 | @achi |
| 102 | @aCN@b110000 | |
| 105 | @ay z 000yy | |
| 200 | 1 | @a蜂产品养生@9feng chan pin yang sheng@f黄承武,秦成功,程林兵主编 |
| 210 | @a北京@c金盾出版社@d2017.09 | |
| 215 | @a272页@d21cm | |
| 330 | @a本书共分为三章。第一章简要介绍了蜂蜜、蜂花粉、蜂胶、蜂王浆、蜂幼虫、蜂蛹、蜂成虫、蜂毒、蜂蜡等蜂产品的来源、种类、理化性质和药理作用等基本知识;第二章详细介绍了蜂产品养生验方的原料、制作、用法和功效;第三章介绍了临床常见病症的蜂产品调治方法。 | |
| 606 | 0 | @a蜂产品@x基本知识 |
| 690 | @aS896@v5 | |
| 701 | 0 | @a黄承武@9huang cheng wu@4主编 |
| 701 | 0 | @a秦成功@9qin cheng gong@4主编 |
| 701 | 0 | @a程林兵@9cheng lin bing@4主编 |
| 801 | 0 | @aCN@b91MARC@c20180217 |
| 905 | @aMuseLib@dS896@e189 | |
| 蜂产品养生/黄承武,秦成功,程林兵主编.-北京:金盾出版社,2017.09 |
| 272页;21cm |
| ISBN 978-7-5186-1319-9:CNY27.00 |
| 本书共分为三章。第一章简要介绍了蜂蜜、蜂花粉、蜂胶、蜂王浆、蜂幼虫、蜂蛹、蜂成虫、蜂毒、蜂蜡等蜂产品的来源、种类、理化性质和药理作用等基本知识;第二章详细介绍了蜂产品养生验方的原料、制作、用法和功效;第三章介绍了临床常见病症的蜂产品调治方法。 |
| ● |
| 相关链接 |
|
|
|
|
正题名:蜂产品养生
索取号:S896/189
 
预约/预借
| 序号 | 登录号 | 条形码 | 馆藏地/架位号 | 状态 | 备注 |
| 1 | 1130460 | 211304603 | 第二样本阅览室/ [索取号:S896/189] | 在馆 | |
| 2 | 1130461 | 211304612 | 密集书库-生命科学系/ [索取号:S896/189] | 在馆 | |
| 3 | 1130462 | 211304621 | 第三借阅区/ [索取号:S896/189] | 在馆 | |
| 4 | 1130463 | 211304630 | 第三借阅区/ [索取号:S896/189] | 在馆 | |
| 5 | 1130464 | 211304649 | 第三借阅区/ [索取号:S896/189] | 在馆 |